| 000 | 00505 a2200169 4500 | ||
|---|---|---|---|
| 005 | 20250609140601.0 | ||
| 020 | _a978 0 7545 4272 8 | ||
| 082 | _aREF 657.3 BAR | ||
| 100 | _aBARDEN, P. | ||
| 245 | _aIGAAP 2012 : A Guide to IFRS Reporting, Volume A Part 2. | ||
| 250 | _a5th Ed | ||
| 260 |
_aLondon, _bLexisNexis, _c2011. |
||
| 300 |
_avi, 2719p.: ill.; _bIndex _c24cm. |
||
| 700 | _aHALL, N. [et ..all] | ||
| 856 |
_yAccess Online Book _fIFRS Reporting _dwww.lexisnexis.co.uk/deloitte |
||
| 942 |
_2ddc _cBKS |
||
| 999 |
_c3533 _d3533 |
||